[Event "Pula op 13th"]
[Site "Pula"]
[Date "1999.05.29"]
[Round "1"]
[White "Sermek, Drazen"]
[Black "Gerencer, Jozef"]
[Result "1-0"]
[WhiteElo "2540"]
[BlackElo "2153"]

1.e4 d5 2.exd5 Qxd5 3.Nc3 Qd8 4.d4 Nf6 5.Bc4 Bf5 6.Nf3 e6 7.Ne5 c6 8.g4 Be4
9.Nxe4 Nxe4 10.Qf3 Nd6 11.Bb3 Nd7 12.Be3 Nxe5 13.dxe5 Qa5+ 14.c3 Qxe5 15.O-O-O Be7
16.Rhe1 Bg5 17.h4 Bxe3+ 18.Rxe3 Qc5 19.Bxe6 O-O 20.Bb3 a5 21.Qf4 a4 22.Re5 Qa7
23.Bc2 Nb5 24.Rh5 g6 25.Qh6  1-0

[Event "Pula op 13th"]
[Site "Pula"]
[Date "1999.05.30"]
[Round "2"]
[White "Krstic, Uros"]
[Black "Sermek, Drazen"]
[Result "1-0"]
[WhiteElo "2332"]
[BlackElo "2540"]

1.e4 d5 2.exd5 Qxd5 3.Nc3 Qd6 4.a4 g6 5.Nf3 Bg7 6.Bc4 Be6 7.Qe2 Bxc4 8.Qxc4 c6
9.O-O Nf6 10.Re1 O-O 11.b3 Re8 12.Ba3 Qc7 13.Ne5 e6 14.Nb5 Qa5 15.Nd6 Nbd7
16.Nxe8 Nxe5 17.Nxf6+ Bxf6 18.Qf4 Nd7 19.Bb4 Qd5 20.Bc3 Bg5 21.Qd4 Qxd4 22.Bxd4 c5
23.Be3 Bf6 24.Rad1 Rc8 25.d4 c4 26.d5 e5 27.Bxa7 b6 28.a5 bxa5 29.Re4 cxb3
30.cxb3 Ra8 31.Be3 Rb8 32.Rc4 Kf8 33.d6 Ke8 34.Rd3 Bd8 35.f3 f6 36.Rdc3 Rb5
37.Kf2 Rd5 38.Rc6 Nb8 39.Rc8 Nd7 40.R3c6  1-0

[Event "Ljubljana op 10th"]
[Site "Ljubljana"]
[Date "1999.06.26"]
[Round "2"]
[White "Kodela, Marko"]
[Black "Jamrich, Gyorgy"]
[Result "0-1"]
[WhiteElo "2028"]
[BlackElo "2273"]

1.e4 d5 2.exd5 Qxd5 3.Nc3 Qd6 4.d4 Nf6 5.Bc4 a6 6.a3 Qc6 7.Bb3 Qxg2 8.Qf3 Qxf3
9.Nxf3 e6 10.Be3 Bd6 11.Rg1 g6 12.O-O-O Nbd7 13.h4 O-O 14.Ng5 Nh5 15.Ne2 Ndf6
16.c4 c6 17.Bc2 e5 18.Ne4 Nxe4 19.Bxe4 Nf6 20.dxe5 Bxe5 21.Bf3 Be6 22.c5 Rad8
23.Nf4 Bf5 24.Ne2 h5 25.Nd4 Bg4 26.Bxg4 Nxg4 27.b4 Bf6 28.Rh1 Rfe8 29.Nc2 Rxd1+
30.Rxd1 Bxh4 31.Rf1 Nxe3 32.fxe3 Bg3 33.Rf3 h4 34.Kd2 Kg7 35.Nd4 Be5 36.Rh3 Bxd4
37.exd4 g5 38.a4 f5 39.b5 axb5 40.axb5 cxb5  0-1

[Event "Ljubljana op 10th"]
[Site "Ljubljana"]
[Date "1999.06.28"]
[Round "4"]
[White "Nevednichy, Vladislav"]
[Black "Kurajica, Bojan"]
[Result "1-0"]
[WhiteElo "2505"]
[BlackElo "2536"]

1.e4 d5 2.exd5 Qxd5 3.Nc3 Qd6 4.d4 Nf6 5.Nf3 a6 6.g3 g6 7.Bg2 Bg7 8.O-O O-O
9.Re1 Nc6 10.Bf4 Qd8 11.d5 Nb4 12.Ne5 e6 13.dxe6 Bxe6 14.Bxb7 Rb8 15.Bf3 Bf5
16.Rc1 Re8 17.Qxd8 Rbxd8 18.Nc6 Nxc2 19.Re5 Rxe5 20.Bxe5 Re8 21.Bxc7 Nd7
22.Nd5 Bxb2 23.Nde7+ Kg7 24.Rb1 Ba3 25.Nxf5+ gxf5 26.Rd1 Kf6 27.Nd4 Nxd4
28.Rxd4  1-0

[Event "Frankfurt-West Masters"]
[Site "Frankfurt"]
[Date "1999.06.30"]
[Round "5"]
[White "Leko, Peter"]
[Black "Adams, Michael"]
[Result "1/2-1/2"]
[WhiteElo "2694"]
[BlackElo "2716"]

1.e4 d5 2.exd5 Qxd5 3.Nc3 Qd8 4.d4 Nf6 5.Nf3 c6 6.Bg5 Bg4 7.Bxf6 exf6 8.Be2 Bb4
9.Qd3 O-O 10.O-O Nd7 11.a3 Ba5 12.Nd2 Be6 13.Nc4 Bc7 14.Rad1 Re8 15.Bf3 Nb6
16.Nxb6 Bxb6 17.d5 cxd5 18.Nxd5 Rc8 19.c4 Bc7 20.b4 b6 21.Qb3 Be5 22.Qa4 Bxd5
23.Bxd5 Qc7 24.h3 g6 25.Rd3 Re7 26.Rfd1 Kg7 27.Qb5 h5 28.h4 f5 29.g3 a6 30.Qxa6 f4
31.gxf4 Bxf4 32.Rf3 Be5 33.Re1 Rce8 34.Kg2 Bd4 35.Rd1 Be5 36.Re1 Bd4 37.Rd1 Be5
38.Re1 Bd4 39.Rxe7 Rxe7 40.Qa4 Qc8 41.Rf4 Be5 42.Re4 Bf6 43.Qc2 Qf5 44.Qe2 Rxe4
45.Qxe4 Qxe4+ 46.Bxe4 Bxh4 47.c5 bxc5 48.bxc5 Be7 49.c6 Bd6 50.a4 Bc7 51.f4 Kf6
52.Kf3 Ke7 53.Bd5  1/2-1/2

[Event "Frankfurt-West Masters"]
[Site "Frankfurt"]
[Date "1999.06.30"]
[Round "6"]
[White "Svidler, Peter"]
[Black "Adams, Michael"]
[Result "1/2-1/2"]
[WhiteElo "2713"]
[BlackElo "2716"]

1.e4 d5 2.exd5 Qxd5 3.Nc3 Qd8 4.d4 Nf6 5.Bc4 c6 6.Nf3 Bf5 7.Ne5 e6 8.g4 Bg6
9.h4 Nbd7 10.Nxd7 Qxd7 11.h5 Be4 12.Nxe4 Nxe4 13.c3 O-O-O 14.Qe2 Nf6 15.Bd2 Bd6
16.O-O-O Rhe8 17.f4 Qc7 18.Qf3 c5 19.dxc5 Bxc5 20.Kb1 Qc6 21.Qxc6+ bxc6 22.Be2 Ne4
23.Bc1 Kc7 24.Rxd8 Rxd8 25.Rd1 Rxd1 26.Bxd1 g6 27.hxg6 hxg6 28.Bf3 Nf6 29.c4 Nd7
30.Kc2 e5 31.a3 exf4 32.Bxf4+ Bd6 33.Be3 a5 34.Bd2 Kb6 35.b4 axb4 36.axb4 c5
37.b5 Ne5 38.Be2 f5 39.gxf5 gxf5 40.Kb3 f4 41.Bxf4  1/2-1/2

[Event "Swidnica op"]
[Site "Swidnica"]
[Date "1999.07.05"]
[Round "8"]
[White "Najbar, M."]
[Black "Dziuba, Marcin"]
[Result "0-1"]
[WhiteElo "2214"]
[BlackElo "2310"]

1.e4 d5 2.exd5 Qxd5 3.Nc3 Qd6 4.d4 Nf6 5.Nf3 a6 6.g3 Bg4 7.Bg2 e6 8.O-O Nbd7
9.Bf4 Qb6 10.Qd2 O-O-O 11.Rfe1 Bd6 12.Be3 Qa5 13.a3 Qh5 14.Ng5 h6 15.Nge4 Bf3
16.Nxd6+ cxd6 17.Na4 Bxg2 18.Kxg2 Qd5+ 19.f3 Qc6 20.Qc3 Qxc3 21.Nxc3 Nb6
22.b3 d5 23.a4 Rd6 24.a5 Rc6 25.Bd2 Nbd7 26.Ra2 g5 27.g4 h5 28.h3 Ne8 29.Na4 f6
30.Bb4 Nc7 31.c3 Kd8 32.Rae2 e5 33.Nb6 Nxb6 34.axb6 Ne6 35.Kg3 Nf4 36.Re3 hxg4
37.dxe5 f5 38.hxg4 Rh3+ 39.Kf2 Rh2+ 40.Kg1 Rg2+  0-1

[Event "Arthur Dake Futurity-A"]
[Site "San Francisco"]
[Date "1999.07.11"]
[Round "?"]
[White "Margulis, Isaak"]
[Black "Schiller, Eric"]
[Result "0-1"]
[WhiteElo "2295"]
[BlackElo "2209"]

1.e4 d5 2.exd5 Qxd5 3.Nc3 Qd6 4.d4 c6 5.Bc4 Nf6 6.Nge2 Bf5 7.Bf4 Qb4 8.Bb3 e6
9.O-O Be7 10.Ng3 Bg6 11.Re1 Nbd7 12.Na4 Qa5 13.c4 O-O 14.d5 Bb4 15.dxe6 Bxe1
16.exd7 Bb4 17.c5 Rad8 18.a3 Rxd7 19.Bd6 Bd2 20.Bxf8 Kxf8 21.Qe2 Qb5 22.Bd1 Qxe2
23.Bxe2 Bc2 24.Bd1 Bd3 25.b4 Re7 26.Bb3 a5 27.Rd1 axb4 28.axb4 Bb5 29.Nf5 Re1+
30.Rxe1 Bxe1 31.Nd6 Bxb4 32.Nxb7 Ne4 33.Bc2 Ng5 34.Nb6 Ne6 35.Bf5 Ke7 36.Nc8+ Kf6
37.Bxe6 Kxe6 38.Ncd6 Ba6 39.Nd8+ Kd5 40.N6xf7 Bxc5 41.Ng5 Be7 42.Nde6 Kd6
43.h4 h6 44.Nxg7 hxg5 45.Nf5+ Ke6 46.Nxe7 Kxe7 47.hxg5 Ke6 48.f4 Kf5 49.g3 Bd3
50.Kf2 Ke4 51.g6 Bc4 52.g7 Bg8 53.Ke2 c5 54.Kf2 Kd3 55.g4 Ke4 56.f5 Kf4  0-1

[Event "Korinthos op 3rd"]
[Site "Korinthos"]
[Date "1999.07.30"]
[Round "7"]
[White "Nikolaidis, Konstantinos"]
[Black "Babaniotis, Evangelos"]
[Result "1-0"]
[WhiteElo "2383"]
[BlackElo "2105"]

1.e4 d5 2.exd5 Qxd5 3.Nc3 Qd6 4.d4 Nf6 5.Nf3 Bg4 6.h3 Bh5 7.g4 Bg6 8.Ne5 c6
9.Bg2 Nbd7 10.f4 e6 11.h4 h6 12.Nxg6 fxg6 13.Ne4 Nxe4 14.Bxe4 O-O-O 15.c3 Be7
16.Bxg6 e5 17.Bf5 exf4 18.h5 Bh4+ 19.Kf1 Bg3 20.Kg2 Rde8 21.Qf3 Re7 22.Rf1 Rhe8
23.Bxf4 Bxf4 24.Qxf4 Re2+ 25.Kg1 Qxf4 26.Rxf4 Rxb2 27.Rf2 Ree2 28.Rxe2 Rxe2
29.Rf1 Rxa2 30.Bxd7+ Kxd7 31.Rf7+ Ke8 32.Rxb7 a5 33.Rxg7 a4 34.g5 a3 35.gxh6 Kf8
36.Rg5  1-0

[Event "Montecatini Terme op 8th"]
[Site "Montecatini Terme"]
[Date "1999.08.01"]
[Round "2"]
[White "Santoro, Alessandro"]
[Black "Zaitsev, Vadim"]
[Result "0-1"]
[WhiteElo "2056"]
[BlackElo "2411"]

1.e4 d5 2.exd5 Qxd5 3.Nc3 Qd6 4.d4 Nf6 5.Bc4 a6 6.Nge2 Qc6 7.Bb3 Qxg2 8.Rg1 Qh3
9.Bf4 Qd7 10.d5 g6 11.Qd2 Bg7 12.O-O-O O-O 13.Bh6 e5 14.h4 Qe7 15.Qg5 Bxh6
16.Qxh6 Ng4 17.d6 cxd6 18.Rxg4 Bxg4 19.Rg1 Be6 20.Nd5 Bxd5 21.Bxd5 Qf6 22.f4 Nd7
23.h5 Qg7 24.Qg5 Kh8 25.Qe7 f5 26.Qxd6 Nf6 27.fxe5 Qh6+ 28.Kb1 Rad8 29.Qe6 Nxd5
30.hxg6 Qg7 31.Rh1 h6 32.a4 f4 33.Nd4 Ne7 34.b3  0-1

[Event "BCF-ch 86th"]
[Site "Scarborough"]
[Date "1999.08.04"]
[Round "4"]
[White "McDonnell, James J"]
[Black "Houska, Jovanka"]
[Result "1/2-1/2"]
[WhiteElo "2051"]
[BlackElo "2251"]

1.e4 d5 2.exd5 Qxd5 3.Nc3 Qd6 4.d4 Nf6 5.Be2 a6 6.Be3 Bf5 7.h3 Nc6 8.a3 O-O-O
9.Nf3 e5 10.dxe5 Nxe5 11.Qxd6 Nxf3+ 12.Bxf3 Bxd6 13.O-O-O Rhe8 14.Bd4 Kb8
15.Kb1 h6 16.Rhg1 Bf4 17.Rge1 b6 18.Bc6 Re6 19.Bxf6 Rxd1+ 20.Rxd1 Rxc6 21.Bxg7 Rg6
22.g4 Bxg4 23.hxg4 Rxg7 24.f3 Kc8 25.Nd5 Bg5 26.Re1 Kd7 27.Rh1 Kc6 28.c4 Rg6
29.Kc2 Kb7 30.f4 Bd8 31.Ne3 Be7 32.Nf5 Bf8 33.Rg1 Bd6 34.Nxd6+ cxd6 35.Kd3 Kc6
36.Rg2 d5 37.Kd4 dxc4 38.Kxc4 Rd6 39.Rh2 b5+ 40.Kc3 a5 41.b4 a4 42.Rh5 Rf6
43.Rc5+ Kb6 44.g5 hxg5 45.fxg5 Rf1 46.Kb2 Rf2+ 47.Kb1 Rf4 48.Kb2 f6 49.gxf6 Rxf6
50.Rh5 Rf2+ 51.Kb1 Rf3 52.Kb2 Rb3+ 53.Ka2 Rc3 54.Rg5 Kc6 55.Rh5 Rc2+ 56.Kb1 Rd2
57.Rc5+ Kb6  1/2-1/2

[Event "Montecatini Terme op 8th"]
[Site "Montecatini Terme"]
[Date "1999.08.05"]
[Round "6"]
[White "Godena, Michele"]
[Black "Zaitsev, Vadim"]
[Result "1/2-1/2"]
[WhiteElo "2490"]
[BlackElo "2411"]

1.e4 d5 2.exd5 Qxd5 3.Nc3 Qd6 4.d4 Nf6 5.Nf3 a6 6.g3 Bg4 7.h3 Bh5 8.Bg2 Nc6
9.O-O O-O-O 10.Be3 e5 11.dxe5 Nxe5 12.g4 Qxd1 13.Raxd1 Rxd1 14.Rxd1 Nxf3+
15.Bxf3 Bg6 16.g5 Bh5 17.Bxh5 Nxh5 18.Nd5 b5 19.Kg2  1/2-1/2

[Event "MK Cafe Cup-B"]
[Site "Koszalin"]
[Date "1999.08.07"]
[Round "5"]
[White "Beshukov, Sergei"]
[Black "Hasangatin, Ramil"]
[Result "1/2-1/2"]
[WhiteElo "2506"]
[BlackElo "2449"]

1.e4 d5 2.exd5 Qxd5 3.Nc3 Qd6 4.d4 Nf6 5.Nf3 a6 6.g3 b5 7.Bg2 Bb7 8.O-O e6
9.Bf4 Qb6 10.a4 Bd6 11.Be3 Ng4 12.Bd2 Nf6 13.Qe2 c6 14.Ng5 O-O 15.Nce4 Be7
16.axb5 cxb5 17.Nxf6+ Bxf6 18.Ne4 Be7 19.Be3 Bd5 20.Nc5 Bxg2 21.Kxg2 Nd7
22.Nxd7 Qb7+ 23.Kg1 Qxd7 24.b3 Bf6 25.Rfd1 Qc6 26.c4 Rfd8 27.Ra5 Qb6 28.Qa2 bxc4
29.bxc4 Bxd4 30.Bxd4 Rxd4 31.Rxd4 Qxd4 32.Rxa6 Rxa6 33.Qxa6 Kf8 34.Qc8+ Ke7
35.Qc7+ Qd7 36.Qc5+ Qd6 37.Qg5+ Kf8 38.h4 e5 39.Qe3 Ke7 40.Qe4 g6 41.Kg2 Kd7
42.Qb7+ Ke6 43.g4 Qd4 44.Qc6+ Ke7 45.f3 Qd2+ 46.Kh3 Qe2 47.Qc5+ Ke6 48.Qb6+ Ke7
49.Qb7+ Ke6  1/2-1/2

[Event "FRA-ch G2"]
[Site "Bescanon"]
[Date "1999.08.17"]
[Round "2"]
[White "Koch, Jean Rene"]
[Black "Fressinet, Laurent"]
[Result "0-1"]
[WhiteElo "2510"]
[BlackElo "2440"]

1.e4 d5 2.exd5 Qxd5 3.Nc3 Qd6 4.d4 Nf6 5.g3 Bg4 6.f3 Bf5 7.Bd3 Bxd3 8.Qxd3 Nc6
9.Be3 Nb4 10.Qd2 Qe6 11.Kd1 O-O-O 12.Kc1 c5 13.Nge2 Qf5 14.a3 Nc6 15.f4 e6
16.Rd1 Ng4 17.h3 Nxe3 18.Qxe3 cxd4 19.Nxd4 Rxd4 20.Rxd4 Bc5 21.g4 Bxd4 22.Qxd4 Nxd4
23.gxf5 Nxf5 24.a4 Rd8 25.Ra3 Ne3 26.Rb3 Rd4 27.a5 a6 28.Rb6 Rxf4 29.b3 Rf2
30.Ne4 Rxc2+ 31.Kb1 Rc7 32.Nd6+ Kb8 33.Rb4 Rd7 34.Ne4 Nd5 35.Rc4 Rc7 36.Ng5 Rxc4
37.bxc4 Nf4 38.Nxf7 Nxh3 39.Kc2 Kc7 40.Kd3 h6 41.c5 Ng5 42.Ne5 Nh7 43.Ng6 Kc6
44.Kc4 Nf6 45.Nf8 e5 46.Ng6 e4 47.Ne7+ Kd7 48.Nf5 h5 49.Kd4 g6  0-1

[Event "FRA-ch (Women)"]
[Site "Bescanon"]
[Date "1999.08.21"]
[Round "4"]
[White "Franc, Nathalie"]
[Black "Dubois, Martine"]
[Result "1/2-1/2"]
[WhiteElo "2085"]
[BlackElo "2012"]

1.e4 d5 2.exd5 Qxd5 3.Nc3 Qd6 4.Bc4 a6 5.d3 Nf6 6.Qf3 Nc6 7.Ne4 Qe5 8.Ne2 Qf5
9.Nxf6+ Qxf6 10.Qxf6 gxf6 11.Bd2 Rg8 12.Nf4 Ne5 13.Nd5 Kd8 14.Bf4 Rxg2 15.Bg3 Nf3+
16.Kd1 Bh6 17.d4 Nxd4 18.Bd3 Bg5 19.Ke1 Nf3+ 20.Kf1 Bh3 21.Ke2 Nd4+ 22.Ke1 Nf3+
23.Ke2 Nd4+ 24.Ke1  1/2-1/2

[Event "Abu Dhabi Masters op"]
[Site "Abu Dhabi"]
[Date "1999.08.25"]
[Round "5"]
[White "Ali, S."]
[Black "Ahmed, Haseeb"]
[Result "1-0"]
[WhiteElo "2142"]
[BlackElo "2270"]

1.e4 d5 2.exd5 Qxd5 3.Nc3 Qd6 4.d4 Nf6 5.Nf3 a6 6.g3 Nc6 7.Bf4 Qb4 8.Qd3 Qb6
9.O-O-O Nb4 10.Qc4 c6 11.Ng5 Nbd5 12.Na4 Qd8 13.Qb3 h6 14.Nf3 Nxf4 15.gxf4 Nd5
16.Ne5 e6 17.Rg1 Qh4 18.c4 Qxf4+ 19.Kb1 Nb4 20.a3 Qf5+ 21.Kc1 Qxf2 22.Rg2 Qf4+
23.Rgd2 b5 24.Nb6  1-0

[Event "FRA-ch fin stage"]
[Site "Bescanon"]
[Date "1999.08.25"]
[Round "1.1"]
[White "Koch, Jean Rene"]
[Black "Fressinet, Laurent"]
[Result "1/2-1/2"]
[WhiteElo "2510"]
[BlackElo "2440"]

1.e4 d5 2.exd5 Qxd5 3.Nc3 Qd6 4.d4 Nf6 5.Nf3 a6 6.Be3 Nc6 7.a3 e6 8.Bd3 Be7
9.O-O O-O 10.Qd2 b5 11.Bg5 Rd8 12.Ne4 Nxe4 13.Bxe4 Bb7 14.Bxe7 Qxe7 15.Qe3 Na5
16.Bxb7 Nxb7 17.Ne5 Rd5 18.Rfd1 Qd6 19.Qf3 Rf8 20.Ng4 Na5 21.c3 Rf5 22.Qg3 Qxg3
23.hxg3 Nb3 24.Ne3 Rg5 25.Rab1 f5 26.d5 e5 27.d6 cxd6 28.Rxd6 f4 29.Nf1 Nc5
30.Rd5 Na4 31.gxf4 Rxf4 32.Nd2 h5 33.f3 h4 34.Ne4 Rg6 35.Kf2 Re6 36.b3 Nb6
37.Rd8+ Rf8 38.Rbd1 Rc6 39.Ke3 a5 40.R8d6 Rfc8 41.Rxc6 Rxc6 42.Rd6 Rxd6 43.Nxd6 Nd5+
44.Ke4 Nf4 45.Nxb5 Nxg2 46.Nd6 h3 47.Nf5 Nh4 48.Ng3 Kf7 49.a4  1/2-1/2

[Event "FRA-ch (Women)"]
[Site "Bescanon"]
[Date "1999.08.25"]
[Round "8"]
[White "Sebag, Marie"]
[Black "Dubois, Martine"]
[Result "1-0"]
[WhiteElo "2153"]
[BlackElo "2012"]

1.e4 d5 2.exd5 Qxd5 3.Nc3 Qd6 4.Nf3 Nf6 5.d4 a6 6.Ne5 Nc6 7.Nxc6 Qxc6 8.Qd3 Be6
9.Be3 O-O-O 10.O-O-O Nd5 11.Nxd5 Bxd5 12.f3 Qa4 13.a3 b5 14.Kb1 e6 15.Bc1 Qa5
16.Qd2 Qb6 17.Bd3 Qxd4 18.Bxb5 Qb6 19.Bc4 Bxa3 20.Bxd5 Rxd5 21.Qc3 Bb4 22.Qxg7 Rhd8
23.Rxd5 Rxd5 24.Qg8+ Kb7 25.Qxh7 f5 26.Qh8 e5 27.Qg8 Qd4 28.h4 Rb5 29.h5 Bc3
30.Qa2 Ra5 31.bxc3 Qb6+ 32.Qb2 Rb5 33.h6 Rxb2+ 34.Bxb2 a5 35.h7 a4 36.Rh4 f4
37.Ka1 Qg1+ 38.Ka2 Qd1 39.h8=Q Qxc2 40.Qg8  1-0

[Event "Abu Dhabi Masters op"]
[Site "Abu Dhabi"]
[Date "1999.08.28"]
[Round "7"]
[White "Asylguzhin, Radik"]
[Black "Adnan, A."]
[Result "1-0"]
[WhiteElo "2294"]
[BlackElo "2124"]

1.e4 d5 2.exd5 Qxd5 3.Nc3 Qd6 4.d4 Nf6 5.Be2 a6 6.Nf3 Nc6 7.O-O Bf5 8.Nb1 O-O-O
9.c3 h6 10.Nbd2 Ne4 11.Nc4 Qf6 12.Be3 g5 13.Qc1 e6 14.b4 g4 15.Nfe5 Nxe5
16.dxe5 Qg6 17.a4 Ng5 18.Kh1 Qh5 19.b5 Nf3 20.Bf4 Rg8 21.Bg3 Be4 22.bxa6 Nxh2
23.axb7+ Kb8 24.Bxh2 Qh3 25.Rg1 g3 26.fxg3 Rxg3 27.Bf1 Bc5 28.Qe1 Rg4 29.Qxe4 Qxh2+
30.Kxh2 Rxe4 31.g3 Bxg1+ 32.Kxg1 Rg8 33.Kf2  1-0

[Event "JUG-chT playoff"]
[Site "Vrnjacka Banja"]
[Date "1999.08.30"]
[Round "2"]
[White "Brenjo, Slavisa"]
[Black "Vukovic, Zdravko"]
[Result "0-1"]
[WhiteElo "2491"]
[BlackElo "2470"]

1.e4 d5 2.exd5 Qxd5 3.Nc3 Qd8 4.d4 Nf6 5.h3 c6 6.Nf3 Bf5 7.g4 Be6 8.Ne5 g6
9.Be3 Nbd7 10.Qd2 Nxe5 11.dxe5 Qxd2+ 12.Bxd2 Nd7 13.f4 h5 14.g5 Bf5 15.O-O-O e6
16.Be3 Nb6 17.Bxb6 axb6 18.Nb5 Rd8 19.Rxd8+ Kxd8 20.Nd4 Be4 21.Rh2 Bc5 22.Rd2 Kc7
23.h4 b5 24.a3 b4 25.axb4 Ra8 26.Kb1 Bxb4 27.Re2 Bd5 28.c3 Bc5 29.Rd2 b5
30.Bg2 Bxg2 31.Rxg2 Bxd4 32.cxd4 Rd8 33.Rd2 c5 34.Kc2 c4 35.b3 Kc6 36.bxc4 bxc4
37.Kc3 Kd5 38.Ra2 Rd7 39.Ra5+ Ke4 40.Ra1 Rxd4 41.Ra7 Rd3+ 42.Kxc4 Rf3 43.Kc5 Rxf4
44.Kd6 Kf3  0-1

[Event "Glifada op 1st"]
[Site "Athens"]
[Date "1999.09.02"]
[Round "3"]
[White "Panagopoulos, Nikolaos"]
[Black "Babaniotis, Evangelos"]
[Result "1-0"]
[WhiteElo "2332"]
[BlackElo "2105"]

1.e4 d5 2.exd5 Qxd5 3.Nc3 Qd6 4.Nf3 Nf6 5.d4 Bf5 6.Bc4 c6 7.Ne5 e6 8.Bf4 Qb4
9.Bb3 Ne4 10.Qf3 Qxd4 11.Rd1 Qb4 12.a3 Nxc3 13.axb4 Nxd1 14.Qxd1 Bxb4+ 15.c3 Be7
16.g4 Be4 17.f3 Bh4+ 18.Bg3 Bxg3+ 19.hxg3 f6 20.Qd6 Bd5 21.Bxd5  1-0

[Event "EU-ch U16"]
[Site "Litohoto"]
[Date "1999.09.10"]
[Round "8"]
[White "Grigoriants, Sergey"]
[Black "Dziuba, Marcin"]
[Result "1-0"]
[WhiteElo "2413"]
[BlackElo "2310"]

1.e4 d5 2.exd5 Qxd5 3.Nc3 Qd6 4.d4 Nf6 5.Bc4 a6 6.Bb3 e6 7.Nf3 b5 8.Bg5 Nbd7
9.a4 b4 10.Ne2 a5 11.O-O Bb7 12.Re1 Bxf3 13.gxf3 Be7 14.d5 e5 15.Ng3 g6 16.f4 exf4
17.Ne4 Nxe4 18.Rxe4 f6 19.Bxf4 Ne5 20.Qe2 O-O 21.Rxe5  1-0

[Event "CRO-chT"]
[Site "Pula"]
[Date "1999.09.11"]
[Round "3"]
[White "Ljubicic, Filip"]
[Black "Sermek, Drazen"]
[Result "1/2-1/2"]
[WhiteElo "2370"]
[BlackElo "2545"]

1.e4 d5 2.exd5 Qxd5 3.Nc3 Qd6 4.d4 Nf6 5.Be2 a6 6.Nf3 Nbd7 7.O-O e6 8.Ng5 c5
9.Be3 cxd4 10.Bxd4 Be7 11.Nce4 Nxe4 12.Nxe4 Qf4 13.Bd3 O-O 14.Re1 e5 15.Bc3 b5
16.Bd2 Qh4 17.Re3 Nc5 18.g3 Qh3 19.Bf1 Qf5 20.Bg2 Bb7 21.Qe1 Nxe4 22.Bxe4 Bxe4
23.Rxe4 Bc5 24.Re2 Rfe8 25.Be3 Bxe3 26.Rxe3 Qxc2 27.Rxe5 Red8 28.Re2 Qd3
29.Rc1 h5 30.h4 g6 31.Re3  1/2-1/2

[Event "CRO-chT"]
[Site "Pula"]
[Date "1999.09.17"]
[Round "8"]
[White "Zelenika, Srdjan"]
[Black "Muse, Drazen"]
[Result "0-1"]
[WhiteElo "2286"]
[BlackElo "2372"]

1.e4 d5 2.exd5 Qxd5 3.Nc3 Qd6 4.d4 c6 5.Bc4 Nf6 6.Nge2 Bg4 7.f3 Bf5 8.Bf4 Qb4
9.Bb3 e6 10.a3 Qa5 11.Qd2 Na6 12.Ng3 Bg6 13.Nge4 Rd8 14.Nxf6+ gxf6 15.Ne2 Qb6
16.Be3 Qb5 17.Nc3 Qa5 18.Qf2 Be7 19.O-O h5 20.Ne2 h4 21.Nf4 Bf5 22.Bc4 Qc7
23.Bd3 Bd6 24.Bxf5 Bxf4 25.Bxf4 Qxf4 26.Be4 f5 27.Bd3 Qxd4 28.Qxd4 Rxd4 29.Bxa6 bxa6
30.Rad1 Rd5 31.c4 Rxd1 32.Rxd1 Ke7 33.c5 Rd8 34.Rc1 e5 35.Rc3 Rd1+ 36.Kf2 Rd2+
37.Kg1 Rxb2 38.Rc4 f4 39.Ra4 f5 40.Rxa6 e4 41.fxe4 fxe4 42.Ra4 Rb1+ 43.Kf2 e3+
44.Ke2 Rb2+ 45.Ke1 h3 46.gxh3 Rf2  0-1

[Event "Wch U20"]
[Site "Yerevan"]
[Date "1999.09.20"]
[Round "3"]
[White "Matikozian, Andranik"]
[Black "Jakupovic, Neven"]
[Result "0-1"]
[WhiteElo "2427"]
[BlackElo "2263"]

1.e4 d5 2.exd5 Qxd5 3.Nc3 Qd6 4.Nf3 Nf6 5.d4 a6 6.Be2 e6 7.O-O c5 8.Bg5 Nbd7
9.Re1 Be7 10.Bf1 cxd4 11.Nxd4 O-O 12.Qd2 Ng4 13.Bf4 Bg5 14.Bxd6 Bxd2 15.Re2 Bxc3
16.bxc3 Rd8 17.Bc7 Rf8 18.g3 Ndf6 19.c4 Ne8 20.Bf4 h6 21.h4 e5 22.Bxe5 Nxe5
23.Rxe5 Nc7 24.Bg2 Rd8 25.c3 Kf8 26.Rb1 Ra7 27.c5 f6 28.Re2 Nd5 29.Bxd5 Rxd5
30.c6 Kf7 31.Rbe1 b5 32.a3 Rc7 33.f3 a5 34.Rb2 Ba6 35.Kf2 Rc8 36.Re3 Rb8
37.Rbe2 b4 38.Re7+ Kf8 39.R2e6 bxc3 40.c7 Rc8 41.Nc6 c2 42.Re1 Rd2+ 43.Kg1 Rd1
44.Nd8 Bb5  0-1

[Event "EU-ch U20 Girls"]
[Site "Patras"]
[Date "1999.10.10"]
[Round "6"]
[White "Radziewicz, Iweta"]
[Black "Dacalor, Aurelie"]
[Result "1-0"]
[WhiteElo "2395"]
[BlackElo "2131"]

1.e4 d5 2.exd5 Qxd5 3.Nc3 Qd6 4.d4 a6 5.Nf3 Bg4 6.Be2 Nc6 7.d5 Bxf3 8.Bxf3 Qe5+
9.Be3 O-O-O 10.O-O e6 11.dxc6 Rxd1 12.cxb7+ Kb8 13.Raxd1 Bd6 14.g3 Ne7 15.Bf4 Qf5
16.Be4 Qc5 17.Be3 Qh5 18.Rd4 Bc5 19.Rd7 Bxe3 20.Rxe7 Bc5 21.Rd7 Bd6 22.f4 Qc5+
23.Kg2 f5 24.Bf3 g6 25.Re1 Re8 26.Rxe6 Rf8 27.Re2 h5 28.a3 Ka7 29.Nd5 Qb5
30.Rh7 c6 31.a4 Qxa4 32.b8=Q+ Kxb8 33.Nb6 Qb5 34.Nd7+ Kc8 35.Nxf8 c5 36.c4  1-0

[Event "EU-ch U20 Girls"]
[Site "Patras"]
[Date "1999.10.13"]
[Round "8"]
[White "Virnik, Elena"]
[Black "Dacalor, Aurelie"]
[Result "1/2-1/2"]
[WhiteElo "2154"]
[BlackElo "2131"]

1.e4 d5 2.exd5 Qxd5 3.Nc3 Qd6 4.d4 Nf6 5.Nf3 a6 6.Ne5 Nc6 7.Nxc6 Qxc6 8.d5 Qd6
9.Be2 Bf5 10.O-O O-O-O 11.Qd4 e5 12.Qa7 Qb6 13.Qxb6 cxb6 14.Bg5 Bb4 15.Na4 b5
16.a3 Be7 17.Nb6+ Kc7 18.Be3 Nxd5 19.Nxd5+ Rxd5 20.c4 bxc4 21.Bxc4 Rd7 22.f4 Bd3
23.Rfc1 Bxc4 24.Rxc4+ Kb8 25.fxe5 Bd8 26.Bf4 Bc7 27.Rac1 Rc8 28.Kf1 Re7 29.g4 Re6
30.Kg2 b6 31.h3 Kb7 32.Bg3 Kb8  1/2-1/2

[Event "EU-ch U20 Girls"]
[Site "Patras"]
[Date "1999.10.15"]
[Round "10"]
[White "Jurkiewicz, Katarzyna"]
[Black "Dacalor, Aurelie"]
[Result "1-0"]
[WhiteElo "2225"]
[BlackElo "2131"]

1.e4 d5 2.exd5 Qxd5 3.Nc3 Qd6 4.d4 Nf6 5.Bc4 a6 6.Nge2 Qc6 7.Bb3 Qxg2 8.Rg1 Qf3
9.Bf4 c6 10.Qd2 Nh5 11.O-O-O Nxf4 12.Nxf4 g5 13.Nd3 f6 14.Kb1 Nd7 15.Rde1 Kd8
16.Ne4 Qh3 17.Ndc5 Kc7 18.Be6 Qxh2 19.Bxd7 Bxd7 20.Rg3 Bc8 21.d5 b6 22.dxc6 Bf5
23.Rd1 Bh6 24.Qd3 bxc5 25.Qc3 Rab8 26.Qxc5 Rhe8 27.Qxf5 e5 28.Qd7+ Kb6 29.Rb3+  1-0

[Event "Arco op"]
[Site "Arco"]
[Date "1999.10.25"]
[Round "3"]
[White "Burchert, Wolfgang"]
[Black "Dubois, Martine"]
[Result "1-0"]
[WhiteElo "2187"]
[BlackElo "2012"]

1.e4 d5 2.exd5 Qxd5 3.Nc3 Qd6 4.d4 Nf6 5.Bc4 a6 6.Nge2 Qc6 7.Qd3 Qxg2 8.Rg1 Qxh2
9.Bf4 Qh3 10.Ng3 b5 11.Bb3 c6 12.O-O-O Nbd7 13.Qe2 Qg4 14.Qe3 e6 15.Nge4 Qh5
16.Rh1 Qf5 17.Ng3 Qg6 18.Rdg1 Ng4 19.Qf3 e5 20.Re1 Bb7 21.dxe5 O-O-O 22.e6 fxe6
23.Rxe6 Nde5 24.Rxg6 Nxf3 25.Be6+ Rd7 26.Bxg4 c5 27.Rb6 g5 28.Bxd7+ Kxd7
29.Rxb7+ Kc6 30.Rc7+ Kb6 31.Nd5+ Ka5 32.Bd2+ Nxd2 33.Kxd2 Bd6 34.Rd7 Be5
35.c3 Rf8 36.Ne4  1-0

[Event "Arco op"]
[Site "Arco"]
[Date "1999.10.26"]
[Round "4"]
[White "Bellia, Fabrizio"]
[Black "Sulava, Nenad"]
[Result "0-1"]
[WhiteElo "2333"]
[BlackElo "2467"]

1.e4 d5 2.exd5 Qxd5 3.Nc3 Qd6 4.Nf3 Nf6 5.d4 a6 6.Be2 Nc6 7.Bg5 Bf5 8.d5 Nb4
9.Nd4 Bg6 10.Bxf6 gxf6 11.a3 Nxd5 12.Ndb5 axb5 13.Nxb5 Qb6 14.Qxd5 Bh6 15.Rd1 O-O
16.c4 Rfd8 17.Qxd8+ Rxd8 18.Rxd8+ Kg7 19.c5 Qxc5 20.O-O Bf4 21.Nc3 Bd6 22.Rb8 Qa7
23.Rc8 c6 24.Kh1 Bf5 25.Re8 b5 26.Bf3 Bd7 27.Rd8 f5 28.Rd1 Qc7 29.Ra8 Bc8
30.b4 Bb7 31.Ra5 Qc8 32.Ra7 Bb8 33.Nxb5 Bxa7 34.Nxa7 Qa8 35.Bxc6 Bxc6 36.Nxc6 Qxc6
37.h3 Qc2 38.Rd7 e5 39.Ra7 Qxf2 40.Ra5 e4  0-1

[Event "Arco op"]
[Site "Arco"]
[Date "1999.10.28"]
[Round "6"]
[White "Slobodjan, Roman"]
[Black "Sulava, Nenad"]
[Result "1/2-1/2"]
[WhiteElo "2550"]
[BlackElo "2467"]

1.e4 d5 2.exd5 Qxd5 3.Nc3 Qd6 4.d4 Nf6 5.Nf3 a6 6.Ne5 Nc6 7.Nxc6 Qxc6 8.Qd3 g6
9.d5 Qd6 10.Be3 Bg7 11.O-O-O O-O 12.Be2 Bf5 13.Qd2 b5 14.Bf3 Rfd8 15.Rhe1 Rd7
16.Bf4 Qb6 17.d6 Re8 18.Qe3 Qxe3+ 19.Rxe3 exd6 20.Rxe8+ Nxe8 21.Bb7 Re7 22.Nd5 Re2
23.Ne3 Rxf2 24.Bg3 Re2 25.Nxf5 gxf5 26.Re1 Rxe1+ 27.Bxe1 c5 28.Bxa6 Nc7 29.Bc8 Be5
30.h3 f4 31.a3 Kf8 32.b3 Ke7 33.Bb7 d5 34.a4 bxa4 35.bxa4 Kd6 36.a5 Bd4 37.a6 Nb5
38.Kd1 c4 39.Ke2 Be3 40.c3 Kc5 41.Kd1 h6 42.Kc2 d4 43.cxd4+ Nxd4+ 44.Kb2 Nb5
45.Bf3 Bd4+ 46.Kc1 Na7 47.Kc2 Kb5 48.Bd5 f6 49.Bd2 Kc5 50.Be4 Be5 51.Be1 Nb5
52.Bf2+ Bd4 53.Be1 Kb6 54.Bb4 Kxa6 55.Bd5 c3 56.Bf8 h5 57.Bf7 h4 58.Bb4 Be5
59.Bd5 Kb6 60.Kd3 Nc7 61.Bb3 Kb5 62.Ba3 Kc6 63.Bb4 Nd5 64.Ba5 Ne3 65.Bxc3 Bxc3
66.Kxc3 Kc5 67.Kd3 Nxg2 68.Ke2 Ne3 69.Kf3 Nf5 70.Kxf4  1/2-1/2

[Event "SLO-chT"]
[Site "Bled"]
[Date "1999.11.09"]
[Round "2"]
[White "Podlesnik, Bogdan"]
[Black "Sermek, Drazen"]
[Result "1/2-1/2"]
[WhiteElo "2403"]
[BlackElo "2545"]

1.e4 d5 2.exd5 Qxd5 3.Nc3 Qd6 4.Bc4 Nf6 5.Nge2 a6 6.Ng3 Qc6 7.Bf1 e5 8.Qe2 Be6
9.d3 Nbd7 10.Bd2 Be7 11.O-O-O O-O-O 12.Nge4 Nd5 13.Nxd5 Bxd5 14.Nc3 Be6 15.Rg1 Bc5
16.g3 Bd4 17.Bg2 Qb6 18.Na4 Qd6 19.Kb1 h5 20.a3 Bg4 21.Bf3 Qc6 22.Bxc6 Bxe2
23.Bxd7+ Rxd7 24.Rc1 e4 25.dxe4 Bb5 26.Nc3 Bxf2 27.Rgd1 Rhd8 28.Nd5 Be2 29.Bg5 Bxd1
30.Bxd8 Kxd8 31.Rxd1 c6 32.Nc3 Rxd1+ 33.Nxd1 Bg1 34.h3 Ke7 35.Kc1 Bh2 36.Ne3 Ke6
37.Nf1 Bg1 38.Kd2 h4 39.Ke2 hxg3 40.Nxg3 Bh2 41.Nf5 Be5 42.c3 g6 43.Nd4+ Kf6  1/2-1/2